Kedy dobehneme vyspelý svet ?

Spotreba mlieka na Slovensku je stále v porovnaní s okolitými krajinami extrémne nízka. A to aj napriek tomu, že ponuka v regáloch je druhovo rozmanitá. Ženy konzumujú mlieko častejšie ako muži. Konzumácia mlieka, mliečnych výrobkov a syrov u detí.

Guardado en:
Detalles Bibliográficos
Autor principal: Košťál, Daniel
Formato: Capítulo de libro
Lenguaje:eslovaco
Materias:
Etiquetas: Agregar Etiqueta
Sin Etiquetas, Sea el primero en etiquetar este registro!

MARC

LEADER 00000naa$a2200000$$$4500
001 0091613
005 20231128093918.2
041 0 |a slo 
044 |a SK 
245 1 0 |a Kedy dobehneme vyspelý svet ?  |c Daniel Košťál 
520 |a Spotreba mlieka na Slovensku je stále v porovnaní s okolitými krajinami extrémne nízka. A to aj napriek tomu, že ponuka v regáloch je druhovo rozmanitá. Ženy konzumujú mlieko častejšie ako muži. Konzumácia mlieka, mliečnych výrobkov a syrov u detí. 
610 2 0 |a mlieko 
610 2 0 |a výrobky 
610 2 0 |a spotreba 
610 2 0 |a deti 
610 2 0 |a Slovensko 
100 1 |a Košťál, Daniel